Statystyki dla Najmniejsze miasta Polski

Kliknij tutaj aby rozwiązać quiz!

Ogólne statystyki

  • Ten quiz został rozwiązany 86 razy
  • Średni wynik to 3 z 20

Statystyki odpowiedzi

HintOdpowiedź% Poprawnych
908Wyśmierzyce
45%
1012Suraż
26%
1349Krynica Morska
23%
1009Działoszyce
22%
1368Kleszczele
19%
1508Baranów Sandomierski
18%
1453Dobra
16%
1246Nowe Warpno
16%
1550Dolsk
15%
1585Stawiszyn
14%
1337Szlichtyngowa
12%
1482Ulanów
12%
1493Frampol
11%
1447Kołaczyce
11%
1415Górzno
10%
1398Lubień Kujawski
10%
1340Skalbmierz
10%
1475Suchań
8%
1631Moryń
7%
1629Krzywiń
5%

Rozkład punktacji

Percentyl według liczby udzielonych odpowiedzi

Procent ludzi z każdym wynikiem

Twoja historia wyników

Nie rozwiązałeś tego quizu